Na lúke je plno motýľov

Bibliographic Details
Main Author: Lukešová, Milena, 1922-2008 (Author)
Other Authors: Kondrót, Vojtech, 1940-2003 (Translator), Šimková, Kristína, 1953- (gup)
Format: Article
Language:Slovak
Subjects:

MARC

LEADER 00000nab a2200000 a 4500
001 vtls000084454
003 SK-MaSNL
005 20260303032033.0
008 160202c1981 xo 0 slo
015 |a SNBRB19rr/mm-uuuuu 
035 |a CL0094556 
040 |a SNKBUCL  |b slo  |c SNKBUCL  |e AACR2 
041 0 |a slo 
044 |a xo  |c SK 
080 |a 885.0-1(087.5)  |2 1981 
100 1 |a Lukešová, Milena,  |d 1922-2008  |4 aut  |9 219646 
245 1 0 |a Na lúke je plno motýľov  |c Milena Lukešová ; Vojtech Kondrót, Kristína Šimková-Hargašová 
650 0 7 |a rečňovanky  |2 snkbucl  |9 278360 
650 0 7 |a literatúra pre deti a mládež  |2 snkbucl  |9 21893 
655 7 |a články z novín a časopisov  |2 snkbucl  |9 267496 
655 7 |a články z odboru literárna veda a krásna literatúra  |2 snkbucl  |9 770045 
700 1 |a Kondrót, Vojtech,  |d 1940-2003  |4 trl  |9 109792 
700 1 |a Šimková, Kristína,  |d 1953-  |4 gup  |9 54004 
773 0 |t Slniečko  |g Roč. 13, č. 7 (1981), s. 23 
850 |a Slovenská národná knižnica v Martine  |a MTA001 
852 |a SNK  |b KIS3GCP 
958 |a RK 
958 |a CZ 
958 |a LX 
958 |a SK 
992 |a RBX 
999 |c 1661855  |d 1663785